Normal view
MARC view
Entry Topical Term
001 - CONTROL NUMBER
- control field: 50026
003 - CONTROL NUMBER IDENTIFIER
- control field: ARRUPE
005 - DATE AND TIME OF LATEST TRANSACTION
- control field: 20201028111912.0
008 - FIXED-LENGTH DATA ELEMENTS
- fixed length control field: 201028|| aca||aabn | a|a d
040 ## - CATALOGING SOURCE
- Original cataloging agency: ARRUPE
- Transcribing agency: ARRUPE
150 ## - HEADING--TOPICAL TERM
- Topical term or geographic name as entry element: Butterflies
- Geographic subdivision: Zimbabwe
- General subdivision: Identification.
670 ## - SOURCE DATA FOUND
- Source citation: Work cat.: (ARRUPE)0: Cooper, Richard. 50024, Butterflies of Zimbabwe /, 1991.